000 00532cam a2200205 a 4500
001 651203
003 BD-DhUL
005 20161120090907.0
008 851211s1966 enk 000 0 eng d
040 _aBD-DhUL
_cBD-DhUL
082 _a170
_bMAI
100 1 _aMabbott, John David.
245 1 3 _aAn introduction to ethics.
260 _aLondon :
_bHutchinson,
_c[1966].
300 _a159 p.
490 0 _aHutchinson's university library: Philosophy
500 _aErrata slip inserted.
650 0 _aEthics.
942 _2ddc
_cBK
999 _c125756
_d125756